Religious observances in Tibet : (Record no. 106923)

MARC details
000 -LEADER
fixed length control field 00960nam a2200313 a 4500
001 - CONTROL NUMBER
control field vtls000102387
003 - CONTROL NUMBER IDENTIFIER
control field NLI
005 - DATE AND TIME OF LATEST TRANSACTION
control field 20210601201852.0
008 - FIXED-LENGTH DATA ELEMENTS--GENERAL INFORMATION
fixed length control field 101125s1964 ilu 001 0 eng
020 ## - INTERNATIONAL STANDARD BOOK NUMBER
Terms of availability USD 8.50
039 #9 - LEVEL OF BIBLIOGRAPHIC CONTROL AND CODING DETAIL [OBSOLETE]
-- 201011251139
-- VLOAD
040 ## - CATALOGING SOURCE
Original cataloging agency NLI
Language of cataloging eng
Transcribing agency DataSoft
Description conventions AACR2
041 0# - LANGUAGE CODE
Language code of text/sound track or separate title eng
044 ## - COUNTRY OF PUBLISHING/PRODUCING ENTITY CODE
MARC country code ilu
082 04 - DEWEY DECIMAL CLASSIFICATION NUMBER
Classification number 294.329
100 1# - MAIN ENTRY--PERSONAL NAME
Personal name Ekvall, Robert B. ,
Dates associated with a name 1898-
9 (RLIN) 215874
245 10 - TITLE STATEMENT
Title Religious observances in Tibet :
Remainder of title patterns and function, /
Statement of responsibility, etc. Robert B. Ekvall
260 ## - PUBLICATION, DISTRIBUTION, ETC.
Place of publication, distribution, etc. Chicago :
Name of publisher, distributor, etc. Univeersity of Chicago Press,
Date of publication, distribution, etc. 1964
300 ## - PHYSICAL DESCRIPTION
Extent xiii, 313 p. ;
Dimensions 24 cm.
504 ## - BIBLIOGRAPHY, ETC. NOTE
Bibliography, etc. note Includes bibliographical references and index
650 #0 - SUBJECT ADDED ENTRY--TOPICAL TERM
Topical term or geographic name entry element Mahayana Buddhism
9 (RLIN) 4626
650 #0 - SUBJECT ADDED ENTRY--TOPICAL TERM
Topical term or geographic name entry element Ramaism
9 (RLIN) 215875
651 #0 - SUBJECT ADDED ENTRY--GEOGRAPHIC NAME
Geographic name Tibel
General subdivision Religion life and culture
9 (RLIN) 215876
887 ## - NON-MARC INFORMATION FIELD
Content of non-MARC field
901 ## - LOCAL DATA ELEMENT A, LDA (RLIN)
a 375648
b 03.05.1965
902 ## - LOCAL DATA ELEMENT B, LDB (RLIN)
a E294.329 Ek86
949 ## - LOCAL PROCESSING INFORMATION (OCLC)
-- VIRTUAITEM
-- 10000
-- 100
6 PUR000375648ENG
942 ## - ADDED ENTRY ELEMENTS (KOHA)
Source of classification or shelving scheme Dewey Decimal Classification
Koha item type Books
Holdings
Withdrawn status Lost status Damaged status Not for loan Collection code Home library Current library Shelving location Date acquired Total Checkouts Full call number Barcode Date last seen Price effective from Koha item type
        New English National Library of India National Library of India New English - Main Stack Division     E294.329 Ek86 PUR000375648ENG 01/06/2021 01/06/2021 Books
                                                                           
web counter

Copyright ©2020 The National Library of India, Govt. of India ↔ Hosted by NVLI, MOC ↔ Technology and Design by National Library of India, Ministry of Culture, Govt. of India